| 000 | 01163nam a2200277 a 4500 | ||
|---|---|---|---|
| 001 | 000049234 | ||
| 003 | DO-SdBNP | ||
| 005 | 20250227073855.0 | ||
| 008 | 190731s2016 dr c r 000 0 spa d | ||
| 020 | _a9789945582659 (Vol. 231) | ||
| 020 | _a9789945443622 (serie) | ||
| 040 |
_aDO-SdBNP _bspa _cBNPHU |
||
| 082 |
_axxxx _bE96t |
||
| 245 | 0 | 0 |
_aExposiciones temporales en el Museo Numismático y Filatélico / _cedición José Alcántara Almánzar, Elvis Francis Soto. |
| 260 |
_aSanto Domingo : _bBanco Central de la República Dominicana, _c2016. |
||
| 300 |
_a316 p. : _bil., ; _c23 cm. |
||
| 490 | 1 |
_aColección del Banco Central de la República Dominicana _v249 |
|
| 490 | 1 |
_aNumismática y filatélica _v17 |
|
| 504 | _aBibliografía : p. 291-294 | ||
| 590 | _aInventariado,2019/BT | ||
| 610 | 2 | 0 |
_aMuseo Numismático y Filatélico del Banco Central (Banco Central de la República Dominicana) _956846 |
| 700 | 1 |
_aAlcántara Almánzar, José _d1946- _eed. _97018 |
|
| 700 | 1 |
_aSoto, Elvis Francis, _eed. _939156 |
|
| 830 | 0 |
_aColección del Banco Central de la República Dominicana _n249 _pNumismática y filatélica _n17 _976535 |
|
| 942 |
_2ddc _cLBS1 |
||
| 999 |
_c48722 _d48722 |
||